Serie TV - Disney Channel - Statistiques

Statistiques générales
  • Ce quiz a été pris 6 751 fois
  • Le résultat moyen est 8 sur 15
Statistiques - réponses
Hint Réponse % Correct
Emma, Luke, Zuri, Ravi, Bertrand Jessie
96%
Liv Rooney, Maddie Rooney, Joey Liv et Maddie
92%
Teddy, Gabe, PJ, Amy, Bob, Charlie Bonne chance Charlie
71%
Dez, Ali, Trish, Dallas, Austin, Austin et Ally
70%
Judy, Marisa, kira, Ernie, K.C, Petey Agent K.C
67%
Miley, Lily, Jackson, Oliver, Rico Hannah Montana
65%
Cece, Rocky, Flynn, Ty Blue, Deuce Shake it Up
57%
Alex, Justin, Max, Harper, Jerry, Theresa Les sorciers de Waverly place
55%
Doofenshmirtz, Perry, Candace, Isabella Phineas et Ferb
52%
London, Bailey, Zack, Moseby, Cody La vie de Croisière de Zack et Cody
51%
Cory, Lucas, Riley, Maya, Auggie, Farkle Le monde de Riley
50%
Mabel, Dipper, Wendy, Stan, Dandinou Les souvenirs de Gravity Falls
38%
Fletcher, Chyna, Olive, Cameron, Lexi Section Genius
35%
Avery, Stan, Chloé, Ellen, Tyler Doggy Blog
18%
Chase, Brianna, Adam, Leo, Donald Les Bio-Teens
12%
Aucun quiz correspondant
Distribution des résultats
% des personnes avec chaque résultat
Percentile par nombre de réponses
Votre historique - résultats
Vous n’avez pas pris ce quiz